League of Legends - MSI Champions - Statistics

General Stats
  • This quiz has been taken 1,259 times
    1,192 since last reset
  • The average score is 20 of 31
Answer Stats
Year Team/Player % Correct
2016/2017 SK Telecom T1
99%
2016/2017 Faker
94%
2019 G2 Esports
94%
2018/2021/2022 Royal Never Give Up
90%
2019 Caps
88%
2019 Jankos
86%
2019 Perkz
85%
2019 Mikyx
84%
2019 Wunder
84%
2016/2017 Bang
81%
2016/2017 Wolf
80%
2015 EDward Gaming
78%
2018 Uzi
74%
2018/2021/2022 Xiaohu
72%
2021/2022 GALA
67%
2017 Peanut
64%
2016 Duke
62%
2018/2021/2022 Ming
61%
2017 Huni
59%
2015 Meiko
56%
2015 Deft
53%
2022 Bin
52%
2021/2022 Wei
52%
2016 Blank
48%
2015 Pawn
38%
2018 Karsa
37%
2018 Mlxg
35%
2015 Clearlove
33%
2021 Cryin
32%
2018 Letme
25%
2015 Koro1
18%
No matching quizzes found
Score Distribution
Percent of People with Each Score
Percentile by Number Answered
Your Score History
You have not taken this quiz since the last reset